000 00572nam a22001577a 4500
003 NUST
082 _a200
100 _aWaheed, Zahra
_9109145
245 _aGauging the Effect of a Digital Tool on Students Learning Performance and Motivation in a Science Classroom/
_cZahra Waheed,
264 _aIslamabad :
_bSEECS, NUST,
_c2023.
300 _a148 p. ;
_c30 cm.
650 _aMS-Innovative Technologies in Learning
_9125075
700 _aSupervisor: Dr. Tahira Anwar Lashari
_996746
856 _uhttp://10.250.8.41:8080/xmlui/handle/123456789/32301
942 _2ddc
_cSC
999 _c593323
_d593323